[Event "ENCI Limburg-open B"]
[Site "Maastricht"]
[Date "2012.05.28"]
[Round "6"]
[White "Lentjes, Noud"]
[Black "Coenen, Siegfried"]
[Result "1/2-1/2"]
[WhiteElo "1940"]
[BlackElo "1997"]
[PlyCount "126"]
[EventDate "2012.05.25"]
[EventType "swiss"]
[EventRounds "7"]
[EventCountry "NED"]
[Source "P.Boonen"]
[SourceDate "2013.01.01"]

1. e4 e5 2. Nf3 Nf6 3. Nxe5 d6 4. Nf3 Nxe4 5. Nc3 Nxc3 6. dxc3 Be7 7. Be3 Nc6
8. Qd2 Ne5 9. Be2 O-O 10. O-O-O Ng4 11. h3 Nxe3 12. Qxe3 Bd7 13. Bd3 Bf6 14.
Qf4 Bc6 15. Kb1 a5 16. h4 Re8 17. Ng5 h6 18. Nf3 a4 19. Qf5 g6 20. Qf4 Kg7 21.
h5 Bg5 22. Nxg5 Qxg5 23. Qd4+ Qe5 24. hxg6 Qxd4 25. cxd4 fxg6 26. f3 a3 27. b3
Ra5 28. Rhe1 Raa8 29. Kc1 Kf6 30. Kd2 Rg8 31. Re2 Rae8 32. Rde1 Rxe2+ 33. Rxe2
h5 34. c4 Bd7 35. Be4 b5 36. cxb5 Bxb5 37. Re1 c5 38. Bd5 Re8 39. Rxe8 Bxe8 40.
Kc3 cxd4+ 41. Kxd4 h4 42. b4 g5 43. Bc4 Bh5 44. b5 Ke7 45. b6 Kd7 46. Bd5 Bg6
47. Kc3 Bb1 48. Kb4 Bd3 49. f4 gxf4 50. Kxa3 Be2 51. Kb4 h3 52. gxh3 f3 53.
Be6+ Kxe6 54. b7 f2 55. b8=Q f1=Q 56. Qe8+ Kd5 57. Qg8+ Kd4 58. Qg7+ Kd5 59.
Qg8+ Ke5 60. Qg5+ Kd4 61. Qg7+ Ke4 62. Qe7+ Kd5 63. Qb7+ Kd4 1/2-1/2

[Event "ENCI Limburg-open B"]
[Site "Maastricht"]
[Date "2012.05.28"]
[Round "6"]
[White "Meul, Willi"]
[Black "Turrini, Paolo"]
[Result "1-0"]
[WhiteElo "1879"]
[BlackElo "1793"]
[PlyCount "63"]
[EventDate "2012.05.25"]
[EventType "swiss"]
[EventRounds "7"]
[EventCountry "NED"]
[Source "P.Boonen"]
[SourceDate "2013.01.01"]

1. d4 g6 2. c4 Bg7 3. e4 c5 4. d5 d6 5. Nc3 e6 6. Bf4 Bxc3+ 7. bxc3 e5 8. Be3
Qa5 9. Qd2 Nd7 10. Qb2 b6 11. Bd3 Ba6 12. Ne2 Ngf6 13. O-O Nxe4 14. Bxe4 f5 15.
Bc2 Bxc4 16. Bb3 Bxe2 17. Qxe2 Qxc3 18. Rac1 Qb4 19. Rc4 Qb5 20. Ba4 Qa6 21.
Rb1 Ke7 22. Bg5+ Nf6 23. Bb5 Qc8 24. Bc6 Rb8 25. Ra4 a5 26. Rh4 Kf7 27. Bxf6
Kxf6 28. Rh3 c4 29. Qxc4 b5 30. Rxb5 Qa6 31. a4 Rhc8 32. Qh4+ 1-0

[Event "ENCI Limburg-open B"]
[Site "Maastricht"]
[Date "2012.05.28"]
[Round "6"]
[White "Moog, Gerhard"]
[Black "De Ridder, Naomi"]
[Result "1/2-1/2"]
[WhiteElo "1964"]
[BlackElo "1747"]
[PlyCount "95"]
[EventDate "2012.05.25"]
[EventType "swiss"]
[EventRounds "7"]
[EventCountry "NED"]
[Source "P.Boonen"]
[SourceDate "2013.01.01"]

1. e4 e5 2. Nf3 Nc6 3. Bb5 a6 4. Bxc6 dxc6 5. h3 Bc5 6. d3 f6 7. Qe2 Be6 8. Be3
Bxe3 9. Qxe3 Ne7 10. Nc3 Ng6 11. O-O-O Qe7 12. d4 O-O 13. d5 cxd5 14. exd5 Bf5
15. Rhe1 Rad8 16. g4 Bc8 17. Ne4 Rfe8 18. Qb3 Kh8 19. Ng3 Rd6 20. Nd4 Nh4 21.
f4 Rb6 22. Qc4 Ng2 23. Ndf5 Bxf5 24. Nxf5 Qd8 25. Re4 Nxf4 26. h4 Ng6 27. d6
cxd6 28. Qf7 Rg8 29. h5 Nf4 30. Rc4 Qe8 31. Qxe8 Rxe8 32. Nxd6 Rf8 33. Rc7 Ne2+
34. Kb1 Nd4 35. Nf5 Nb5 36. Rc5 Rc6 37. Rxc6 bxc6 38. Rd7 g6 39. hxg6 hxg6 40.
Nh4 Rg8 41. c3 Rg7 42. Rd8+ Kh7 43. a4 Na7 44. Re8 Rd7 45. Kc2 Kg7 46. b4 Kf7
47. Rh8 Kg7 48. Re8 1/2-1/2

[Event "ENCI Limburg-open B"]
[Site "Maastricht"]
[Date "2012.05.28"]
[Round "6"]
[White "Pirard, Natan"]
[Black "Hogerhorst, Tony"]
[Result "0-1"]
[WhiteElo "1748"]
[BlackElo "1950"]
[PlyCount "62"]
[EventDate "2012.05.25"]
[EventType "swiss"]
[EventRounds "7"]
[EventCountry "NED"]
[Source "P.Boonen"]
[SourceDate "2013.01.01"]

1. e4 c5 2. Nf3 Nc6 3. d4 cxd4 4. Nxd4 Nf6 5. Nc3 d6 6. Be3 g6 7. f3 Bg7 8. Qd2
Bd7 9. Bc4 Rc8 10. Bb3 Ne5 11. g4 b5 12. h4 a5 13. a3 a4 14. Ba2 Qa5 15. g5 Nh5
16. f4 Nc4 17. Bxc4 Rxc4 18. Rf1 O-O 19. O-O-O Rfc8 20. Nd5 Qd8 21. f5 Be5 22.
fxg6 hxg6 23. Qf2 Be8 24. c3 Ng3 25. Ne6 Qd7 26. Nb6 Qxe6 27. Nxc4 Qxc4 28.
Rfe1 Nxe4 29. Qc2 Bd7 30. Bd4 Bf4+ 31. Kb1 Nc5 0-1

[Event "ENCI Limburg-open B"]
[Site "Maastricht"]
[Date "2012.05.28"]
[Round "6"]
[White "Sanders, Catheleijne"]
[Black "Loose, Rob"]
[Result "1-0"]
[WhiteElo "1775"]
[BlackElo "1970"]
[PlyCount "146"]
[EventDate "2012.05.25"]
[EventType "swiss"]
[EventRounds "7"]
[EventCountry "NED"]
[Source "P.Boonen"]
[SourceDate "2013.01.01"]

1. e4 Nf6 2. e5 Nd5 3. d4 d6 4. c4 Nb6 5. exd6 cxd6 6. Nf3 g6 7. b3 Bg7 8. Nc3
O-O 9. g3 Nc6 10. Bg2 Bg4 11. Ne2 e5 12. dxe5 Bxf3 13. Bxf3 Nxe5 14. Bxb7 Qd7
15. Bxa8 Rxa8 16. Nf4 Re8 17. O-O g5 18. Ng2 Qf5 19. f4 Nd3 20. Rf3 Ne1 21.
Nxe1 Bxa1 22. Ba3 Bg7 23. Bxd6 Nd7 24. Ng2 g4 25. Rd3 Nf6 26. Be5 Nh5 27. Bxg7
Nxg7 28. Ne3 Qa5 29. Kg2 Qxa2+ 30. Qc2 Qxc2+ 31. Nxc2 Re2+ 32. Kg1 Rxc2 33.
Rd8+ Ne8 34. Rxe8+ Kg7 35. Re5 h6 36. Rb5 Kg6 37. Rb7 Rc3 38. Kf1 Kg7 39. Rxa7
Rxb3 40. Ke2 Rb2+ 41. Kd3 Rxh2 42. Kd4 Rc2 43. Ra3 h5 44. c5 Kf8 45. Kd5 Rd2+
46. Ke5 Re2+ 47. Kf6 Re6+ 48. Kg5 Rc6 49. Rc3 Ke7 50. Kxh5 Rg6 51. c6 Kd8 52.
c7+ Kc8 53. Rc5 Rg8 54. f5 f6 55. Rc6 Rg5+ 56. Kh4 Rxf5 57. Kxg4 Rb5 58. Kf4
Ra5 59. g4 Rb5 60. Ke4 Ra5 61. Kf4 Rb5 62. Rxf6 Kxc7 63. Rf5 Rb6 64. Kg5 Kd7
65. Rf6 Rb1 66. Kg6 Rg1 67. g5 Ke8 68. Rf5 Rg2 69. Kg7 Rg1 70. g6 Re1 71. Rf8+
Ke7 72. Rf7+ Ke8 73. Kg8 Rh1 1-0

[Event "ENCI Limburg-open B"]
[Site "Maastricht"]
[Date "2012.05.28"]
[Round "6"]
[White "Senders, Justin"]
[Black "Lemmen, Raoul"]
[Result "1-0"]
[WhiteElo "1902"]
[BlackElo "1907"]
[PlyCount "69"]
[EventDate "2012.05.25"]
[EventType "swiss"]
[EventRounds "7"]
[EventCountry "NED"]
[Source "P.Boonen"]
[SourceDate "2013.01.01"]

1. e4 d5 2. exd5 Nf6 3. d4 Nxd5 4. c4 Nb6 5. Nf3 g6 6. Nc3 Bg7 7. h3 Nc6 8. d5
Ne5 9. Nxe5 Bxe5 10. Bh6 e6 11. Qe2 Bxc3+ 12. bxc3 Qe7 13. Rd1 Bd7 14. Qe3 f6
15. Bf4 e5 16. Bh2 Ba4 17. Rb1 O-O-O 18. Be2 Rhe8 19. O-O f5 20. Rb4 f4 21. Qc1
Bd7 22. a4 Qc5 23. a5 Qxa5 24. Qb2 Kb8 25. Ra1 Qc5 26. Qa2 a6 27. Kh1 g5 28. f3
Qf2 29. Bg1 Qg3 30. Bxb6 cxb6 31. Rxb6 Bxh3 32. Rxb7+ Kxb7 33. Qxa6+ Kc7 34.
Qc6+ Kb8 35. Ra8# 1-0

[Event "ENCI Limburg-open B"]
[Site "Maastricht"]
[Date "2012.05.28"]
[Round "6"]
[White "Senders, Mischa"]
[Black "Marinc, Damir"]
[Result "1/2-1/2"]
[WhiteElo "1905"]
[BlackElo "2012"]
[PlyCount "28"]
[EventDate "2012.05.25"]
[EventType "swiss"]
[EventRounds "7"]
[EventCountry "NED"]
[Source "P.Boonen"]
[SourceDate "2013.01.01"]

1. e4 e6 2. d4 d5 3. Nd2 Nf6 4. e5 Nfd7 5. c3 c5 6. Bd3 Nc6 7. Ne2 cxd4 8. cxd4
f6 9. exf6 Qxf6 10. Nf3 Bd6 11. Bg5 Qf7 12. O-O O-O 13. Bh4 Nf6 14. Bg3 Bb8
1/2-1/2

[Event "ENCI Limburg-open B"]
[Site "Maastricht"]
[Date "2012.05.28"]
[Round "6"]
[White "Snoeks, Marnicq"]
[Black "Gunther, Marcella"]
[Result "0-1"]
[WhiteElo "1706"]
[BlackElo "1937"]
[PlyCount "118"]
[EventDate "2012.05.25"]
[EventType "swiss"]
[EventRounds "7"]
[EventCountry "NED"]
[Source "P.Boonen"]
[SourceDate "2013.01.01"]

1. e4 c5 2. Nc3 g6 3. Nf3 Bg7 4. Bc4 e6 5. O-O Ne7 6. a3 Nbc6 7. d3 O-O 8. Bg5
a6 9. Rb1 b5 10. Ba2 Bb7 11. Qd2 Re8 12. Rfe1 Qc7 13. Ne2 Nd4 14. Nexd4 cxd4
15. Rec1 d5 16. Bxe7 dxe4 17. Nxd4 Qxe7 18. Ne2 Red8 19. Qe3 exd3 20. cxd3 Rd7
21. Rd1 Rad8 22. Rd2 Qh4 23. g3 Qh3 24. Nf4 Qf5 25. Qb6 Bd4 26. Bxe6 fxe6 27.
Qxe6+ Qxe6 28. Nxe6 Re8 29. Nxd4 Rxd4 30. Rc1 Bf3 31. Kf1 Rxd3 32. Rxd3 Be2+
33. Ke1 Bxd3+ 34. Kd2 Bc4 35. Kc3 Re2 36. Rc2 Rxc2+ 37. Kxc2 Kf7 38. Kc3 Ke6
39. Kb4 Ke5 40. Ka5 Ke4 41. Kxa6 b4+ 42. Kb6 bxa3 43. bxa3 Kf3 44. Kc5 Bf1 45.
Kd5 Kxf2 46. Ke4 Kg2 47. Kf4 Kxh2 48. a4 Kh3 49. g4 Kh4 50. a5 g5+ 51. Kf3 Ba6
52. Kg2 Kxg4 53. Kh2 Kf3 54. Kh3 h5 55. Kh2 g4 56. Kh1 h4 57. Kh2 h3 58. Kg1 g3
59. Kh1 Bf1 0-1

[Event "ENCI Limburg-open B"]
[Site "Maastricht"]
[Date "2012.05.28"]
[Round "6"]
[White "Sterck, Arno"]
[Black "Erin, Igor"]
[Result "1/2-1/2"]
[WhiteElo "1811"]
[BlackElo "1748"]
[PlyCount "83"]
[EventDate "2012.05.25"]
[EventType "swiss"]
[EventRounds "7"]
[EventCountry "NED"]
[Source "P.Boonen"]
[SourceDate "2013.01.01"]

1. e4 e6 2. d4 d5 3. exd5 exd5 4. c4 Nf6 5. Nc3 Bb4 6. Nf3 O-O 7. Be2 Nc6 8.
O-O h6 9. a3 Bxc3 10. bxc3 Ne4 11. Bb2 Bf5 12. cxd5 Qxd5 13. c4 Qd7 14. Bd3 Nd6
15. d5 Ne7 16. Ne5 Qc8 17. c5 Ne8 18. Rc1 Qd8 19. Bc4 Ng6 20. Qf3 Qg5 21. Nxg6
Qxg6 22. Rfe1 Nf6 23. Re7 Bg4 24. Qf4 Rad8 25. Bxf6 gxf6 26. Rxc7 Rde8 27. Bf1
Re4 28. Qg3 Qg5 29. Rb1 h5 30. f3 h4 31. Qf2 Rf4 32. Be2 Qxd5 33. Rcxb7 Rc8 34.
R7b4 Rxb4 35. axb4 Bf5 36. Rf1 Qd2 37. Rd1 Qxb4 38. c6 Rxc6 39. Qxa7 Rc2 40.
Qe3 Qb2 41. Kf1 Kg7 42. Re1 1/2-1/2

[Event "ENCI Limburg-open B"]
[Site "Maastricht"]
[Date "2012.05.28"]
[Round "6"]
[White "Tikanmaki, Heikki"]
[Black "Willen, Ronny"]
[Result "1/2-1/2"]
[WhiteElo "1813"]
[BlackElo "1876"]
[PlyCount "44"]
[EventDate "2012.05.25"]
[EventType "swiss"]
[EventRounds "7"]
[EventCountry "NED"]
[Source "P.Boonen"]
[SourceDate "2013.01.01"]

1. d4 Nf6 2. c4 g6 3. Nc3 Bg7 4. e4 d6 5. Nf3 O-O 6. Be2 e5 7. O-O Nc6 8. d5
Ne7 9. b4 Nh5 10. Bd2 f5 11. g3 Nf6 12. Bd3 Kh8 13. Qc2 h6 14. h4 Ng4 15. Kg2
Ng8 16. h5 fxe4 17. Nxe4 g5 18. Rh1 Bf5 19. Raf1 Qe7 20. Nh2 Nxh2 21. Rxh2 Nf6
22. f3 Nxe4 1/2-1/2

[Event "ENCI Limburg-open B"]
[Site "Maastricht"]
[Date "2012.05.28"]
[Round "6"]
[White "Uckerman, John"]
[Black "Schubert, Karl"]
[Result "0-1"]
[WhiteElo "1762"]
[BlackElo "1879"]
[PlyCount "74"]
[EventDate "2012.05.25"]
[EventType "swiss"]
[EventRounds "7"]
[EventCountry "NED"]
[Source "P.Boonen"]
[SourceDate "2013.01.01"]

1. e4 d6 2. d4 Nf6 3. Nc3 g6 4. f4 Bg7 5. a3 Bg4 6. Nf3 O-O 7. Be2 Nc6 8. Be3
Bxf3 9. Bxf3 e5 10. fxe5 dxe5 11. d5 Nd4 12. O-O c5 13. Qd2 Ne8 14. g3 Nd6 15.
Be2 Qd7 16. Kg2 b5 17. b3 a5 18. a4 b4 19. Nb5 Nxe4 20. Qd3 f5 21. Bxd4 cxd4
22. Rad1 Rac8 23. Qf3 Rxc2 24. Kh1 Rcc8 25. Bc4 Nd6 26. Qd3 e4 27. Qe2 d3 28.
Qa2 Kh8 29. Rf4 Be5 30. Rh4 Qg7 31. Rd2 Nxb5 32. axb5 Bc3 33. Rd1 Qc7 34. Kg2
d2 35. Qa4 f4 36. b6 f3+ 37. Kh1 Qf7 0-1

[Event "ENCI Limburg-open B"]
[Site "Maastricht"]
[Date "2012.05.28"]
[Round "6"]
[White "Van der Velde, Wytse"]
[Black "Ramaekers, Philippe"]
[Result "1-0"]
[WhiteElo "1934"]
[BlackElo "1896"]
[PlyCount "66"]
[EventDate "2012.05.25"]
[EventType "swiss"]
[EventRounds "7"]
[EventCountry "NED"]
[Source "P.Boonen"]
[SourceDate "2013.01.01"]

1. e4 c5 2. Nf3 Nc6 3. d4 cxd4 4. Nxd4 Nf6 5. Nc3 d6 6. Bg5 e6 7. Qd2 Be7 8.
O-O-O O-O 9. f4 Nxd4 10. Qxd4 Qa5 11. Bd3 h6 12. Bh4 Rd8 13. Kb1 Bd7 14. Be1
Qc7 15. h3 Bc6 16. g4 e5 17. fxe5 dxe5 18. Qe3 Rd4 19. Bf2 Rad8 20. Qf3 R4d7
21. h4 Bb4 22. g5 Bxc3 23. gxf6 Bd4 24. Rhg1 g6 25. Bxd4 Rxd4 26. h5 Be8 27.
hxg6 fxg6 28. Qf5 Kh7 29. Qh3 Bf7 30. Rh1 h5 31. Qf3 Qa5 32. a3 R4d6 33. Rdg1
Rg8 {.....} 1-0

[Event "ENCI Limburg-open B"]
[Site "Maastricht"]
[Date "2012.05.28"]
[Round "6"]
[White "Vaneylen, Urbain"]
[Black "Cairo, Serge"]
[Result "1-0"]
[WhiteElo "1710"]
[BlackElo "1829"]
[PlyCount "105"]
[EventDate "2012.05.25"]
[EventType "swiss"]
[EventRounds "7"]
[EventCountry "NED"]
[Source "P.Boonen"]
[SourceDate "2013.01.01"]

1. f4 Nf6 2. Nf3 d6 3. e3 Nbd7 4. Be2 e5 5. fxe5 dxe5 6. Nc3 c6 7. O-O Bd6 8.
e4 O-O 9. d3 Ng4 10. Qe1 Bc5+ 11. Kh1 Ne3 12. Bxe3 Bxe3 13. Nd1 Bb6 14. Qg3 Qe7
15. Nh4 Nf6 16. Nf2 Bd8 17. Nf5 Bxf5 18. exf5 Nd5 19. Ne4 f6 20. Qh4 Ne3 21.
Rf3 Bb6 22. Rh3 h6 23. Qh5 Qf7 24. Qxf7+ Rxf7 25. Bh5 Rd7 26. Bg6 Kf8 27. Rc1
Nd5 28. Rf3 Rad8 29. Rcf1 c5 30. Nd2 Nb4 31. Nc4 Nxc2 32. Nxe5 fxe5 33. f6 gxf6
34. Rxf6+ Kg7 35. Be4 Rd6 36. Rf7+ Kg8 37. Rxb7 R8d7 38. Rb8+ Kg7 39. Rf3 Rf6
40. Rg3+ Kf7 41. h4 Nd4 42. Rbg8 Ke6 43. Re8+ Kd6 44. Rgg8 Rdf7 45. h5 Rf2 46.
Rc8 R7f6 47. Rg6 Kd7 48. Rcg8 Ne6 49. Rb8 Nd8 50. Rg7+ Rf7 51. Rxf7+ Rxf7 52.
g4 Rf2 53. Bf5+ {.....} 1-0

[Event "ENCI Limburg-open B"]
[Site "Maastricht"]
[Date "2012.05.28"]
[Round "6"]
[White "Weber, Bernhard1"]
[Black "Modder, Frank"]
[Result "1/2-1/2"]
[WhiteElo "1765"]
[BlackElo "1896"]
[PlyCount "78"]
[EventDate "2012.05.25"]
[EventType "swiss"]
[EventRounds "7"]
[EventCountry "NED"]
[Source "P.Boonen"]
[SourceDate "2013.01.01"]

1. e4 e6 2. d4 d5 3. exd5 exd5 4. Bd3 Nc6 5. Ne2 Bd6 6. Nbc3 Nge7 7. a3 a6 8.
Bg5 f6 9. Bh4 Be6 10. f3 Qd7 11. Qd2 Bf5 12. Bf2 O-O 13. O-O Rad8 14. Nd1 Rfe8
15. Ne3 Bxd3 16. Qxd3 Ng6 17. Rfe1 Nce7 18. Bg3 c6 19. Bxd6 Qxd6 20. Ng3 Nf4
21. Qd2 g6 22. Ne2 Ne6 23. Ng4 Ng7 24. Qf4 Nef5 25. Qd2 Re7 26. Ng3 Rde8 27.
Rxe7 Qxe7 28. Nh6+ Nxh6 29. Qxh6 Qe3+ 30. Qxe3 Rxe3 31. Kf2 Re8 32. Re1 Rxe1
33. Kxe1 Ne6 34. Ne2 Kf7 35. Kd2 Ke7 36. Ke3 Ng7 37. c3 Nf5+ 38. Kf2 Nd6 39.
Nf4 Nc4 1/2-1/2

[Event "ENCI Limburg-open B"]
[Site "Maastricht"]
[Date "2012.05.28"]
[Round "6"]
[White "Wlogalski, Olivier"]
[Black "Esser, Thomas"]
[Result "1/2-1/2"]
[WhiteElo "1926"]
[BlackElo "1985"]
[PlyCount "75"]
[EventDate "2012.05.25"]
[EventType "swiss"]
[EventRounds "7"]
[EventCountry "NED"]
[Source "P.Boonen"]
[SourceDate "2013.01.01"]

1. b3 Nf6 2. Bb2 g6 3. Bxf6 exf6 4. c4 Bg7 5. Nc3 O-O 6. g3 c6 7. Bg2 f5 8. Rc1
d6 9. e3 Nd7 10. Nge2 Re8 11. O-O Rb8 12. Qc2 Nf6 13. d3 Ng4 14. h3 Nf6 15. b4
Bd7 16. b5 Qc7 17. a4 Bh6 18. Qb2 Nh5 19. Nf4 Nxf4 20. exf4 Bg7 21. Bf3 h5 22.
h4 Bd4 23. Qc2 a6 24. Qb3 Rec8 25. Ne2 Bf6 26. d4 Be6 27. d5 Bd7 28. b6 Qd8 29.
c5 Qf8 30. cxd6 Qxd6 31. dxc6 Bxc6 32. Bxc6 Rxc6 33. Rxc6 Qxc6 34. Rc1 Qe8 35.
Qc4 Rd8 36. Kf1 Kg7 37. Nc3 Bxc3 38. Qxc3+ 1/2-1/2

[Event "ENCI Limburg-open B"]
[Site "Maastricht"]
[Date "2012.05.28"]
[Round "6"]
[White "Yue, Tim"]
[Black "Peter, Laurenz"]
[Result "0-1"]
[WhiteElo "1931"]
[BlackElo "1880"]
[PlyCount "50"]
[EventDate "2012.05.25"]
[EventType "swiss"]
[EventRounds "7"]
[EventCountry "NED"]
[Source "P.Boonen"]
[SourceDate "2013.01.01"]

1. e4 c5 2. Nf3 e6 3. d4 cxd4 4. Nxd4 a6 5. Be2 Nf6 6. Bg5 Qc7 7. Qd3 Nc6 8. c3
b5 9. Nd2 Bb7 10. O-O Be7 11. f4 d6 12. Bf3 Qb6 13. Kh1 O-O 14. g4 Rfd8 15. Rg1
h6 16. Bh4 Ne5 17. Qe2 Nxf3 18. Qxf3 Nxe4 19. Nxe4 Bxh4 20. g5 Bf2 21. gxh6
Bxg1 22. Rxg1 g6 23. Nxe6 Re8 24. f5 Qc6 25. fxg6 Qxe4 0-1

[Event "ENCI Limburg-open B"]
[Site "Maastricht"]
[Date "2012.05.28"]
[Round "6"]
[White "Zegstroo, Martin"]
[Black "Johnen, Franz"]
[Result "0-1"]
[WhiteElo "1891"]
[BlackElo "1845"]
[PlyCount "162"]
[EventDate "2012.05.25"]
[EventType "swiss"]
[EventRounds "7"]
[EventCountry "NED"]
[Source "P.Boonen"]
[SourceDate "2013.01.01"]

1. e4 c5 2. c4 Nc6 3. Nf3 d6 4. d4 cxd4 5. Nxd4 e5 6. Nxc6 bxc6 7. Nc3 Nf6 8.
Be2 Be7 9. O-O O-O 10. Be3 Be6 11. h3 Qc7 12. Rc1 Rab8 13. b3 Rfd8 14. Bf3 a5
15. Qe2 Qb7 16. Rfd1 h6 17. Rc2 Qb4 18. Rd3 Nh7 19. Bg4 Bxg4 20. Qxg4 Nf6 21.
Qf5 Qb7 22. g4 g6 23. Qf3 Kg7 24. g5 hxg5 25. Bxg5 Nh5 26. Bxe7 Qxe7 27. Ne2
Qe6 28. Qg4 Nf6 29. Qxe6 fxe6 30. Ng3 Kf7 31. Rcd2 Ke7 32. Re2 Rh8 33. Kg2 Rh4
34. a4 Rbh8 35. Ree3 g5 36. Re1 g4 37. hxg4 Nxg4 38. Rf3 Rh2+ 39. Kf1 R2h6 40.
Ke2 Rh2 41. Rg1 R8h7 42. Nf1 R2h4 43. Rfg3 Nf6 44. f3 Kf7 45. Ke3 d5 46. Nd2
d4+ 47. Kf2 Rh2+ 48. R3g2 Nd7 49. Nf1 Rxg2+ 50. Rxg2 Nc5 51. Nd2 Rh8 52. Ke2
Rb8 53. Rh2 Nxb3 54. Rh7+ Kf6 55. Ra7 Nxd2 56. Kxd2 Rb2+ 57. Kd3 Rf2 58. Rxa5
Rxf3+ 59. Kd2 Ra3 60. Rc5 Rxa4 61. Rxc6 Ra2+ 62. Kd3 Ra3+ 63. Kd2 Re3 64. Rc8
Rxe4 65. c5 Re3 66. c6 Rc3 67. Rc7 e4 68. Rd7 Rxc6 69. Rxd4 Ke5 70. Ra4 Kf4 71.
Ra3 Rb6 72. Ke2 Rb2+ 73. Kf1 e3 74. Ra4+ Kf3 75. Ra1 e5 76. Rc1 e4 77. Ra1 Rf2+
78. Kg1 e2 79. Ra3+ e3 80. Ra1 Rg2+ 81. Kh1 Rg4 0-1

[Event "ENCI Limburg-open B"]
[Site "Maastricht"]
[Date "2012.05.28"]
[Round "7"]
[White "Armino, Leo"]
[Black "Senders, Mischa"]
[Result "1/2-1/2"]
[WhiteElo "1996"]
[BlackElo "1905"]
[PlyCount "42"]
[EventDate "2012.05.25"]
[EventType "swiss"]
[EventRounds "7"]
[EventCountry "NED"]
[Source "P.Boonen"]
[SourceDate "2013.01.01"]

1. e4 c5 2. Nf3 d6 3. d4 cxd4 4. Nxd4 Nf6 5. Nc3 a6 6. a4 e5 7. Nb3 Be6 8. Bg5
Be7 9. Be2 Nbd7 10. O-O O-O 11. f3 d5 12. exd5 Nxd5 13. Bxe7 Nxe7 14. f4 Qb6+
15. Kh1 Rad8 16. a5 Qc7 17. Qc1 Nd5 18. Nxd5 Bxd5 19. c4 Be6 20. fxe5 Nxe5 21.
Qf4 f6 1/2-1/2

[Event "ENCI Limburg-open B"]
[Site "Maastricht"]
[Date "2012.05.28"]
[Round "7"]
[White "Bauchmueller, Franz Josef"]
[Black "Snoeks, Marnicq"]
[Result "1-0"]
[WhiteElo "1841"]
[BlackElo "1706"]
[PlyCount "49"]
[EventDate "2012.05.25"]
[EventType "swiss"]
[EventRounds "7"]
[EventCountry "NED"]
[Source "P.Boonen"]
[SourceDate "2013.01.01"]

1. e4 e5 2. f4 Nc6 3. Nf3 d6 4. Bc4 Be7 5. O-O exf4 6. d4 Nf6 7. Nc3 Bg4 8.
Bxf4 O-O 9. h3 Bh5 10. a3 h6 11. Qd2 Nh7 12. Rae1 Bxf3 13. Rxf3 Bg5 14. Ne2
Bxf4 15. Rxf4 Ng5 16. Ref1 Qe7 17. Ng3 Kh8 18. Nf5 Qd7 19. h4 Ne6 20. R4f3 Kh7
21. d5 Ne5 22. Rg3 Rg8 23. dxe6 fxe6 24. Rxg7+ Rxg7 25. Qxh6+ 1-0

[Event "ENCI Limburg-open B"]
[Site "Maastricht"]
[Date "2012.05.28"]
[Round "7"]
[White "Bieberle, Gerhart"]
[Black "Bruls, Peter"]
[Result "1-0"]
[WhiteElo "1887"]
[BlackElo "1833"]
[PlyCount "89"]
[EventDate "2012.05.25"]
[EventType "swiss"]
[EventRounds "7"]
[EventCountry "NED"]
[Source "P.Boonen"]
[SourceDate "2013.01.01"]

1. d4 Nf6 2. c4 c5 3. d5 b5 4. b3 g6 5. Bb2 Bg7 6. Nf3 d6 7. e3 bxc4 8. bxc4
O-O 9. Bd3 Qb6 10. Qc2 Na6 11. a3 Rb8 12. Bc3 Qb3 13. O-O Qxc2 14. Bxc2 e6 15.
e4 exd5 16. exd5 Bd7 17. Nbd2 Rfe8 18. h3 h6 19. Rab1 Rxb1 20. Rxb1 Rb8 21. Ba5
Rxb1+ 22. Nxb1 Kf8 23. g4 Ke7 24. Kg2 Ne8 25. Nc3 Nac7 26. Kg3 Na8 27. Nd2 Nb6
28. f4 Bd4 29. Kf3 f5 30. gxf5 gxf5 31. Bd3 Ng7 32. Ne2 Bb2 33. Bc3 Bxc3 34.
Nxc3 Nc8 35. Nb3 Kf6 36. Na5 Kg6 37. Nb7 Kf7 38. a4 Ke7 39. Bc2 Be8 40. Nb5 Bd7
41. a5 a6 42. Nc7 Na7 43. Nxa6 Bc8 44. Naxc5 Bxb7 45. Nxb7 1-0

[Event "ENCI Limburg-open B"]
[Site "Maastricht"]
[Date "2012.05.28"]
[Round "7"]
[White "Blijlevens, Pim"]
[Black "Bex, Lennert"]
[Result "1-0"]
[WhiteElo "1920"]
[BlackElo "1739"]
[PlyCount "91"]
[EventDate "2012.05.25"]
[EventType "swiss"]
[EventRounds "7"]
[EventCountry "NED"]
[Source "P.Boonen"]
[SourceDate "2013.01.01"]

1. d4 d6 2. c4 e5 3. Nf3 Nd7 4. e4 Be7 5. Nc3 c6 6. Be3 exd4 7. Nxd4 Ne5 8. h3
Bd7 9. Be2 Bg5 10. Qd2 Bxe3 11. Qxe3 Ne7 12. O-O Qc7 13. Rab1 O-O 14. f4 N5g6
15. f5 Ne5 16. f6 N7g6 17. fxg7 Rfe8 18. Nf5 Bxf5 19. exf5 Ne7 20. f6 N7g6 21.
Qh6 Qb6+ 22. Kh1 Qd4 23. Rbd1 Qh4 24. Qxh4 Nxh4 25. Rxd6 Rab8 26. g3 Nhg6 27.
h4 h5 28. Rf5 Ng4 29. Bxg4 hxg4 30. Rd4 Re5 31. Rxe5 Nxe5 32. Ne4 Kh7 33. Nf2
c5 34. Rd5 Re8 35. Nd3 Nxd3 36. Rxd3 Kg6 37. Rd5 Kxf6 38. Rg5 Rg8 39. Rxg4 a6
40. a4 b6 41. Kg2 Kf5 42. h5 Kxg4 43. h6 a5 44. h7 Rxg7 45. h8=Q Rg6 46. Qe8
1-0

[Event "ENCI Limburg-open B"]
[Site "Maastricht"]
[Date "2012.05.28"]
[Round "7"]
[White "Bos, Robin"]
[Black "Dorr, Yannick"]
[Result "1-0"]
[WhiteElo "1878"]
[BlackElo "1902"]
[PlyCount "125"]
[EventDate "2012.05.25"]
[EventType "swiss"]
[EventRounds "7"]
[EventCountry "NED"]
[Source "P.Boonen"]
[SourceDate "2013.01.01"]

1. e4 e5 2. f4 d5 3. exd5 e4 4. Nc3 Nf6 5. Bb5+ Bd7 6. Bxd7+ Nbxd7 7. Qe2 Qe7
8. Nh3 O-O-O 9. O-O Nb6 10. Ng5 Re8 11. d3 exd3 12. Qxd3 h6 13. Nf3 Qc5+ 14.
Kh1 Nbxd5 15. Nxd5 Qxd5 16. Qxd5 Nxd5 17. Ne5 f6 18. Ng6 Rg8 19. Nxf8 Rgxf8 20.
Bd2 Re2 21. Rad1 Rd8 22. Rfe1 Rde8 23. g3 R8e4 24. Rxe2 Rxe2 25. c4 Ne3 26.
Bxe3 Rxe3 27. Rd2 Re1+ 28. Kg2 Rc1 29. b3 a6 30. Kf3 b5 31. cxb5 axb5 32. Ke4
g6 33. Ke3 Rc6 34. Ke4 Re6+ 35. Kf3 c6 36. f5 gxf5 37. Kf4 Re5 38. Rd6 Re2 39.
Rxc6+ Kb7 40. Rxf6 Rxh2 41. Rxf5 Kc6 42. a4 bxa4 43. bxa4 Kd6 44. Kg4 Ke7 45.
a5 Rh1 46. Rf2 Ra1 47. Kh5 Rxa5+ 48. Kxh6 Ra1 49. g4 Rh1+ 50. Kg6 Re1 51. g5
Ke8 52. Kg7 Ke7 53. g6 Re3 54. Kg8 Ke8 55. g7 Rh3 56. Re2+ Kd7 57. Re4 Kd6 58.
Kf7 Rf3+ 59. Kg6 Rg3+ 60. Kf6 Kd5 61. Re8 Rf3+ 62. Ke7 Re3+ 63. Kd7 1-0

[Event "ENCI Limburg-open B"]
[Site "Maastricht"]
[Date "2012.05.28"]
[Round "7"]
[White "Braam, Marco"]
[Black "Coenen, Bert"]
[Result "1-0"]
[WhiteElo "1707"]
[BlackElo "1835"]
[PlyCount "97"]
[EventDate "2012.05.25"]
[EventType "swiss"]
[EventRounds "7"]
[EventCountry "NED"]
[Source "P.Boonen"]
[SourceDate "2013.01.01"]

1. e4 c5 2. Nc3 e6 3. Bc4 Nc6 4. f4 d6 5. Nf3 g6 6. d3 Bg7 7. O-O Nge7 8. Bd2
a6 9. a3 Bd7 10. Rb1 O-O 11. Be1 b5 12. Ba2 Qc7 13. Bd2 Rac8 14. Qe1 Nd4 15.
Qh4 Nec6 16. Nxd4 Nxd4 17. f5 gxf5 18. exf5 Nxf5 19. Qh5 Qd8 20. Ne4 h6 21. c3
d5 22. Nf2 Qh4 23. Qf3 Bc6 24. g3 Qe7 25. Rbe1 Qd7 26. Qh5 Qc7 27. Bf4 Qd8 28.
Ng4 Be8 29. Qh3 Kh7 30. Bd2 Rh8 31. Bb1 d4 32. Rf4 Kg8 33. Ne5 Bxe5 34. Rxe5 h5
35. Bc2 Bd7 36. Bb1 Ng7 37. Qf1 f5 38. cxd4 cxd4 39. Rxd4 Qf6 40. Bf4 Bc6 41.
Rd6 Bd5 42. Rexd5 Qxb2 43. Rd8+ Kh7 44. Rxh8+ Kxh8 45. Be5 Qxa3 46. Rd7 Rg8 47.
Qf4 Kh7 48. Qg5 Qf8 49. Qxh5# 1-0